Acting emotions : shaping emotions on stage /

Fascinating survey of acting styles and the psychology of emotions in acting.

Bibliographic Details
Main Author: Konijn, Elly, 1959-
Corporate Author: JSTOR (Organization)
Format: eBook
Language:English
Published: Amsterdam : Amsterdam University Press, [2000]
Subjects:
Online Access:Connect to the full text of this electronic book

MARC

Tag First Indicator Second Indicator Subfields
LEADER 00000cam a2200000Ka 4500
001 in00004031813
006 m o d
007 cr un||||a|a||
008 100409s2000 ne a ob 001 0 eng d
005 20260612161012.3
019 |a 302364108  |a 606439403  |a 732605495  |a 732804509  |a 733239596  |a 748600689  |a 764540947  |a 815758349  |a 961504196  |a 962630210  |a 974575380  |a 974618544  |a 988525570  |a 992025360  |a 1002354976  |a 1018022106  |a 1037925562  |a 1038041105  |a 1038576176  |a 1041912982  |a 1045520753  |a 1047927652  |a 1053518484  |a 1055314128 
020 |a 9789048505814  |q (electronic bk.) 
020 |a 904850581X  |q (electronic bk.) 
020 |z 128197241X 
020 |z 9781281972415 
020 |z 9053564446 
020 |z 9789053564448 
035 |a (OCoLC)606106315  |z (OCoLC)302364108  |z (OCoLC)606439403  |z (OCoLC)732605495  |z (OCoLC)732804509  |z (OCoLC)733239596  |z (OCoLC)748600689  |z (OCoLC)764540947  |z (OCoLC)815758349  |z (OCoLC)961504196  |z (OCoLC)962630210  |z (OCoLC)974575380  |z (OCoLC)974618544  |z (OCoLC)988525570  |z (OCoLC)992025360  |z (OCoLC)1002354976  |z (OCoLC)1018022106  |z (OCoLC)1037925562  |z (OCoLC)1038041105  |z (OCoLC)1038576176  |z (OCoLC)1041912982  |z (OCoLC)1045520753  |z (OCoLC)1047927652  |z (OCoLC)1053518484  |z (OCoLC)1055314128 
037 |a 22573/ctt45tgr1  |b JSTOR 
040 |a OCLCE  |b eng  |e pn  |c OCLCE  |d N$T  |d YDXCP  |d OCLCQ  |d IDEBK  |d EBLCP  |d OCLCQ  |d MHW  |d E7B  |d OCLCQ  |d FVL  |d OCLCQ  |d OCLCO  |d OCLCF  |d COO  |d OCLCQ  |d OCLCO  |d JSTOR  |d ZMC  |d OCLCQ  |d OCLCO  |d AZK  |d AGLDB  |d OCLCA  |d MOR  |d PIFAG  |d OCLCQ  |d ZCU  |d OCLCQ  |d MERUC  |d OCLCQ  |d JBG  |d OCLCQ  |d IOG  |d U3W  |d STF  |d WRM  |d OCLCQ  |d VTS  |d NRAMU  |d ICG  |d INT  |d VT2  |d OCLCQ  |d LVT  |d UtOrBLW 
041 1 |a eng  |h dut 
042 |a dlr 
049 |a TXAM 
050 4 |a PN2058  |b .K6613 2000 
072 7 |a PN  |2 lcco 
072 7 |a PER  |x 001000  |2 bisacsh 
072 7 |a AN  |2 bicssc 
072 7 |a PSY000000  |2 bisacsh 
072 7 |a DRA000000  |2 bisacsh 
082 0 4 |a 792/.028/019  |2 21 
084 |a 24.12  |2 bcl 
084 |a 24.01  |2 bcl 
084 |a 24.10  |2 bcl 
084 |a 24.01 ; Darstellende Künstler  |2 bcl 
084 |a 24.10 ; Schauspielkunst  |2 bcl 
100 1 |a Konijn, Elly,  |d 1959-  |0 http://id.loc.gov/authorities/names/n2001025012 
240 1 0 |a Acteren en emoties.  |l English 
245 1 0 |a Acting emotions :  |b shaping emotions on stage /  |c Elly A. Konijn ; translated by Barbara Leach with David Chambers. 
264 1 |a Amsterdam :  |b Amsterdam University Press,  |c [2000] 
264 4 |c ©2000 
300 |a 1 online resource (209 pages) :  |b illustrations 
336 |a text  |b txt  |2 rdacontent 
337 |a computer  |b c  |2 rdamedia 
338 |a online resource  |b cr  |2 rdacarrier 
347 |a data file  |2 rda 
504 |a Includes bibliographical references (pages 177-192) and index. 
505 0 |a Acting Emotions -- An American Context Preface by David Chambers; 1 Acting emotions: Introduction; 2 The Paradox Considered; 3 Acting Styles; 4 Emotions and Acting; 5 Imagination and Impersonation; 6 Actors in Practice; 7 Professional Actors, Emotions, and Performing Styles; 8 Actors Have Emotions and Act Emotions; Notes; References; Appendix; Glossary; List of Illustrations; Index; About the Author. 
520 |a Fascinating survey of acting styles and the psychology of emotions in acting. 
588 0 |a Print version record. 
538 |a Master and use copy. Digital master created according to Benchmark for Faithful Digital Reproductions of Monographs and Serials, Version 1. Digital Library Federation, December 2002.  |u http://purl.oclc.org/DLF/benchrepro0212  |5 MiAaHDL 
583 1 |a digitized  |c 2010  |h HathiTrust Digital Library  |l committed to preserve  |2 pda  |5 MiAaHDL 
500 |a Electronic resource. 
650 0 |a Actors  |x Psychology.  |0 http://id.loc.gov/authorities/subjects/sh85000748 
650 0 |a Acting  |x Psychological aspects.  |0 http://id.loc.gov/authorities/subjects/sh2007100523 
650 7 |a PERFORMING ARTS  |x Acting & Auditioning.  |2 bisacsh 
650 7 |a PSYCHOLOGY  |x General.  |2 bisacsh 
650 7 |a Acting  |x Psychological aspects.  |2 fast  |0 (OCoLC)fst00796157 
650 7 |a Actors  |x Psychology.  |2 fast  |0 (OCoLC)fst00796312 
650 1 7 |a Acteren.  |2 gtt 
650 1 7 |a Emoties.  |2 gtt 
650 1 7 |a Psychologische aspecten.  |2 gtt 
653 |a Acting  |a Psychological aspects 
653 |a Actors  |a Psychology 
653 |a Psychologie ; SWD-ID: 40477046 
653 |a Schauspielkunst ; SWD-ID: 41290902 
655 7 |a Electronic books.  |2 local 
710 2 |a JSTOR (Organization)  |0 http://id.loc.gov/authorities/names/no97001983 
776 0 8 |i Print version:  |a Konijn, Elly, 1959-  |s Acteren en emoties. English.  |t Acting emotions.  |d Amsterdam : Amsterdam University Press, ©2000  |w (DLC) 00432202  |w (OCoLC)46907415 
856 4 0 |u http://proxy.library.tamu.edu/login?url=https://www.jstor.org/stable/10.2307/j.ctt46n1zd  |z Connect to the full text of this electronic book  |t 0 
999 f f |s 88a259a3-a4db-3a8d-8320-fe8b8cd15176  |i 29bf2982-8d49-373a-b1d4-0ab45dc8a5a3  |t 0 
952 f f |a Texas A&M University  |b College Station  |c Electronic Resources  |s www_evans  |d Available Online  |t 0  |e PN2058 .K6613 2000  |h Library of Congress classification 
998 f f |a PN2058 .K6613 2000  |t 0  |l Available Online